Respiratory Care Anatomy and Physiology Foundations for Clinical Practice (Record no. 2037)

MARC details
000 -LEADER
fixed length control field 00389nam a22001457a 4500
008 - FIXED-LENGTH DATA ELEMENTS--GENERAL INFORMATION
fixed length control field 250303b |||||||| |||| 00| 0 eng d
020 ## - INTERNATIONAL STANDARD BOOK NUMBER
ISBN 9780323416375
100 ## - MAIN ENTRY--AUTHOR
Author Beachey Will
245 ## - TITLE STATEMENT
Title Respiratory Care Anatomy and Physiology Foundations for Clinical Practice
250 ## - EDITION STATEMENT
Edition statement 4th
260 ## - PUBLICATION, DISTRIBUTION, ETC. (IMPRINT)
Place of publication Missouri
Name of publisher Elsevier
Date of publication 2018
300 ## - COLLATION
Pagination xiii,442p
942 ## - ADDED ENTRY ELEMENTS (KOHA)
Item type Books
050 ## - LIBRARY OF CONGRESS CALL NUMBER
Classification number QP121
Item number .R47
Holdings
Source of classification or shelving scheme Not for loan Permanent location Current location Date acquired Accession No. Full call number Barcode. Koha item type
Library of Congress Classification   Samuel Ogbemudia Main Library, University of Abuja Samuel Ogbemudia Main Library, University of Abuja 03/03/2025 2024/64048 QP121.R47 2025-0177 Books